000 00512nam a22001817a 4500
003 CEME
005 20210628201835.0
008 210222b xxu||||| |||| 00| 0 eng d
020 _a81-7029-447-9
040 _c.
082 _a005.133-C++ PAR
100 _aParsons, David
_957052
245 _aObject oriented, programming with c plus plus
260 _aNEW DELHI
_bBPB PUBLISHER
_c1999
300 _aVII,319P
650 _aC PLUS PLUS PROGRAMMING WITH C PLUS PLUS-OBJECT ORIENTED
_957053
942 _cBK
_2ddc
999 _c567360
_d567360